01515nam a2200361 a 4500001001200000003000800012006001900020007001500039008004100054010001700095020001500112040002100127035002100148050002600169082002000195100002900215245012300244260008200367300001700449490003900466504006400505533015200569650006800721650002400789650003300813650002600846650002500872655002900897710001700926830006700943856012601010999001701136ebr10057416CaPaEBRm u cr cn|||||||||020813s2003 enk sb 001 0 eng  z 2002032698 z0333773977 aCaPaEBRcCaPaEBR a(OCoLC)17908993114aPR535.S44bH43 2003eb04a821/.3093532211 aHeale, Elizabeth,d1946-10aAutobiography and authorship in Renaissance verseh[electronic resource] :bchronicles of the self /cElizabeth Heale. aHoundmills, Basingstoke, Hampshire ;aNew York :bPalgrave Macmillan,cc2003. aviii, 206 p.1 aEarly modern literature in history aIncludes bibliographical references (p. 193-201) and index. aElectronic reproduction.bPalo Alto, Calif. :cebrary,d2013.nAvailable via World Wide Web.nAccess may be limited to ebrary affiliated libraries. 0aEnglish poetryyEarly modern, 1500-1700xHistory and criticism. 0aSelf in literature. 0aAutobiography in literature. 0aRenaissancezEngland. 0aPoets in literature. 7aElectronic books.2local2 aebrary, Inc. 0aEarly modern literature in history (Palgrave Macmillan (Firm))40uhttp://site.ebrary.com/lib/rucke/Doc?id=10057416zAn electronic book accessible through the World Wide Web; click to view c71715d71715